[Event "Heusenstamm Sparkassen op-B 4th"]
[Site "Heusenstamm"]
[Date "2017.11.24"]
[Round "2"]
[White "Loehr, Frank"]
[Black "Englert, Lin"]
[Result "1-0"]
[WhiteElo "1484"]
[BlackElo "1227"]
[PlyCount "79"]
[EventDate "2017.11.23"]
[EventType "swiss"]
[EventRounds "7"]
[EventCountry "GER"]
[SourceTitle "EXT 2019"]
[Source "ChessBase"]
[SourceDate "2018.10.10"]
[SourceVersion "1"]
[SourceVersionDate "2018.10.10"]
[SourceQuality "1"]

1. d4 d5 2. c4 e6 3. Nc3 Nf6 4. Nf3 Bb4 5. Bd2 c5 6. e3 Nc6 7. cxd5 exd5 8. Bb5 Bd7 9. dxc5 Bxc5 10. Qb3 Bf5 11. Ne5 Rc8 12. Qa4 Bd7 13. Nxd7 Qxd7 14. Rd1 a6 15. Bd3 0-0 16. a3 Ra8 17. Qc2 a5 18. 0-0 d4 19. Ne4 Nxe4 20. Bxe4 Bb6 21. Bxh7+ Kh8 22. Be4 Rac8 23. Qd3 Ne5 24. Qb1 g6 25. exd4 Nc6 26. Bxc6 Rxc6 27. Bc3 Rd6 28. Qe4 Re8 29. d5+ Kg8 30. Qh4 Kf8 31. Qh8+ Ke7 32. Rfe1+ Kd8 33. Bf6+ Rxf6 34. Qxf6+ Kc7 35. Rxe8 Qxe8 36. Rc1+ Kb8 37. Qxb6 Ka8 38. Qxa5+ Kb8 39. Re1 Qc8 40. g3 1-0